BICARA CINTA

Bibliographic Details
Main Author: Missa J (Author)
Format: Book
Subjects:
LEADER 00631cam a2200229 7i4500
001 0000036745
005 20220210090000.0
007 ta
020 |a 9789675822476  
040 |a MATR 
090 0 0 |a FM 899.2333   |b MIS 
100 0 |a Missa J   |e author  
245 1 0 |a BICARA CINTA   |c MISSA J. 
264 0 |a Rawang, Selangor:   |b Sr Publication,   |c 2017. 
300 |a 606 pages;   |c 19 cm. 
336 |a text  |2 rdacontent 
337 |a unmediated  |2 rdamedia 
338 |a volume  |2 rdacarrier 
500 0 0 |a Screen adaption 
650 0 0 |a Malay fiction  
650 0 0 |a Malaysian fiction (Malay)  
999 |a B000041654  |b Book  |c Book  |e Business Information Centre